000 00729 a2200229 4500
005 20260106164535.0
008 260106b |||||||| |||| 00| 0 eng d
020 _a9789779117591 (pbk)
037 _cTB
040 _aCRL
_cCRL
041 _2ARB
_aARB
084 _aO28,3N39:g Q8
_bCRL
100 _aBaharavi, D. Sayed
_9821326
245 _aAseer al-kutub
260 _aCairo, Egypt:
_bGeneral Egyptian book organization,
_c2018.
300 _a375p.
365 _b550.00
_cINR
650 _aArabic Lierature
_9862328
650 _aArabic Fiction
_9862329
942 _cTB
_2CC
_n0
_hO28,3N39:g Q8
999 _c1435432
_d1435432